Normal view
MARC view
- الخميس، محمد بن عبد الرحمن
Entry Personal Name
001 - CONTROL NUMBER
- control field: 7223
003 - CONTROL NUMBER IDENTIFIER
- control field: JO-AjAnu
005 - DATE AND TIME OF LATEST TRANSACTION
- control field: 20230606071453.0
008 - FIXED-LENGTH DATA ELEMENTS
- fixed length control field: 230606|| aca||aabn | a|a d
040 ## - CATALOGING SOURCE
- Original cataloging agency: JO-AjAnu
- Transcribing agency: JO-AjAnu
100 ## - HEADING--PERSONAL NAME
- Personal name: الخميس، محمد بن عبد الرحمن
670 ## - SOURCE DATA FOUND
- Source citation: Work cat.: (JO-AjAnu)3739: الخميس، محمد بن عبد الرحمن, author, اعتقاد الأئمة الأربعة أبي حنيفة ومالك والشافعي و أحمد